|
|
|
|
| LEADER |
00000nam0a2200000 4500 |
| 001 |
364965 |
| 005 |
20231102011735.0 |
| 035 |
|
|
|a (RuTPU)RU\TPU\retro\22328
|
| 090 |
|
|
|a 364965
|
| 100 |
|
|
|a 20211206d1981 km y0rusy50 ca
|
| 101 |
0 |
|
|a rus
|
| 102 |
|
|
|a RU
|
| 105 |
|
|
|a a z 001zy
|
| 200 |
1 |
|
|a Живой кристалл
|f Я. Е. Гегузин
|
| 210 |
|
|
|a Москва
|c Наука
|d 1981
|
| 215 |
|
|
|a 192 с.
|c ил.
|
| 606 |
1 |
|
|a Кристаллы
|x Физико-механические свойства
|2 stltpush
|3 (RuTPU)RU\TPU\subj\80243
|9 87996
|
| 610 |
1 |
|
|a физические явления
|
| 610 |
1 |
|
|a физические процессы
|
| 610 |
1 |
|
|a физические свойства
|
| 610 |
1 |
|
|a движение
|
| 610 |
1 |
|
|a атомы
|
| 610 |
1 |
|
|a строение
|
| 610 |
1 |
|
|a дефекты
|
| 610 |
1 |
|
|a реальные кристаллы
|
| 675 |
|
|
|a 548.0:539.3/.8
|v 4
|
| 700 |
|
1 |
|a Гегузин
|b Я. Е.
|g Яков Евсеевич
|
| 801 |
|
1 |
|a RU
|b 63413507
|c 20211206
|
| 942 |
|
|
|c BK
|